[Event "TCh-NOR Elite 2022-23"]
[Site "Norway NOR"]
[Date "2023.03.04"]
[Round "8.51"]
[White "Carlsen, M."]
[Black "Hammer, J."]
[Result "1-0"]
[WhiteElo "2852"]
[BlackElo "2630"]
[PlyCount "87"]
[EventDate "2022.11.11"]
[WhiteTeam "Offerspill"]
[BlackTeam "OSS"]

1. Nf3 {Krasenkow,Michal Edouard,Romain} d5 2. e3 Nf6 3. c4 e6 4. Nc3 c5 5. d4 dxc4 6. Bxc4 a6 7. e4 ({RR} 7. O-O) ({RR} 7. Bb3 b5 8. e4 ({RR} 8. O-O) 8... cxd4 9. Nxd4 Bb7 ({RR} 9... Nbd7 10. O-O Bb7 ({RR} 10... Bc5) 11. Bxe6 fxe6 12. Nxe6 Qb6 13. Nd5 Bxd5 14. exd5 Kf7) 10. e5 ({RR} 10. O-O) 10... Ne4 ({RR} 10... Nfd7 11. Bxe6 Nxe5 ({RR} 11... fxe6 12. Nxe6 Qc8 13. O-O) 12. O-O Bc5 13. Bd5 Bxd5 14. Nf5 O-O 15. Nxd5) ({RR} 10... Bc5 11. Nxe6 Qxd1+ 12. Nxd1 fxe6 13. exf6 gxf6 14. Bxe6) 11. O-O ({RR} 11. Nxe4 Bxe4 12. O-O Nc6 13. Nxc6 Qxd1 14. Rxd1 Bxc6 15. Be3 Be7 16. Rac1 Rc8 17. Rc2) 11... Nxc3 12. bxc3 Nc6 13. a4 Bc5 ({RR} 13... b4 14. a5) ({RR} 13... Nxd4 14. cxd4 b4 15. a5) 14. axb5 axb5 ({RR} 14... Nxd4 15. cxd4 Bxd4 16. Ra4 Bxe5 17. Qh5) 15. Rxa8 Bxa8 16. Nxb5 O-O ({RR} 16... Nxe5 17. Qxd8+ Kxd8 18. Bg5+ f6 19. Be3 Bxe3 20. fxe3 Ke7 21. Ra1) 17. Qxd8 Rxd8 18. Bf4 h6 19. h4 Ne7 20. Rd1 ({RR} 20. Ra1 Bc6 21. Nd6 Rb8) 20... Rb8 21. Bc4 Bc6 {Grischuk,A (2767)-Kramnik,V (2800) Berlin 2018 CBM 184 [Krasenkow,Michal] 1-0 (91)}) 7... cxd4 ({RR} 7... b5) ({RR} 7... b5 8. Bd3 Bb7 9. Bg5 cxd4 10. Nxd4 Nbd7 11. Bc2 Be7 12. O-O O-O 13. Qe2 h6 14. Bh4 Qc7 15. Bg3 Qb6 16. Rad1 Rfd8 17. e5 Nd5 18. Ne4 Nf8 19. Nf3 Ng6 20. Nd6 Ndf4 21. Bxf4 Nxf4 22. Qd2 {Crevatin,L (2260)-Rustemov,A (2525) chess.com INT 2025 0-1 (43)}) 8. Nxd4 Bd6 ({RR} 8... b5) ({RR} 8... Qc7 9. Bb3 Bd7 10. O-O Nc6 11. Nf3 Rd8) ({RR} 8... Bc5 9. Be3 O-O 10. e5 Nfd7 11. f4 Qb6 12. Qd2 Nc6 13. Na4 Bb4 14. Nxb6 Bxd2+ 15. Kxd2 Nxb6 16. Bd3 Nxd4 17. Bxd4 Nd5) 9. Qe2 $146 ({RR} 9. Be3 O-O 10. Rc1 b5 11. Bb3 Bb7 ({RR} 11... Re8) 12. Bxe6 Nxe4 ({RR} 12... fxe6 13. Nxe6 Qe7 14. Nxf8) 13. Nxe4 Bxe4 14. Qg4 Bg6 ({RR} 14... Bb7 15. Nf5) 15. Bf5 Qa5+ ({RR} 15... Qf6 16. O-O Be5 17. Qe4 Nd7 18. Rc6 Qd8 19. Rxg6 hxg6 20. Bxd7 Bxh2+ 21. Kxh2 Qxd7 22. Qc6) ({RR} 15... Bb4+ 16. Ke2 Qf6 17. Rhd1 Re8 18. Kf1) ({RR} 15... Be5 16. Ne6 Bxf5 ({RR} 16... fxe6 17. Bxg6 hxg6 18. Qxe6+) 17. Qxf5 Qd5 18. Nxg7 Nc6 ({RR} 18... Kxg7 19. Qg5+ Kh8 20. Rc5) 19. Rxc6 Rfd8 20. O-O Bxg7 21. Qxd5 Rxd5 22. b3) 16. Kf1 Be5 17. Bxg6 hxg6 18. h4 ({RR} 18. Rc8 Qxa2 ({RR} 18... Bxd4 19. Rxf8+ Kxf8 20. Qc8+ Ke7 21. Bxd4 Qd2 22. Qc5+ Ke8 23. Qe5+ Kd7 24. g3) ({RR} 18... Bd6 19. Rxf8+ Bxf8 20. Qe4 Qxa2 21. Qxa8 Qb1+ 22. Ke2 Qxh1 23. Qxb8) 19. Rxf8+ Kxf8 20. Qc8+ Ke7 21. Qb7+ Nd7 22. Nc6+ Kd6 23. f4 Qd5 24. Qxa8 Bxb2 25. Qxa6 Nc5 26. Nb4+ Nxa6 27. Nxd5 Kxd5 28. Ke2) 18... Qxa2 ({RR} 18... Bxd4 19. Bxd4 Qd2 20. Rd1 Qc2 21. Rh3 f5 22. Qe2) 19. h5 Qd5 20. hxg6 fxg6 21. Ne6 ({RR} 21. Qxg6 Bxd4 22. Bxd4 Qxd4 23. Qe6+) 21... Re8 22. Ng5 Bf6 23. Kg1 ({RR} 23. Rh8+ Kxh8 24. Qh4+ Kg8 25. Qh7+ Kf8 26. Bc5+ Be7 ({RR} 26... Re7 27. Qh8+ Qg8 28. Bxe7+) 27. Bxe7+ Rxe7 28. Qh8+ Qg8 29. Qxg8+ Kxg8 30. Rc8+ Re8 31. Rxe8#) 23... Bxg5 {Nepomniachtchi,I (2784)-Giri,A (2764) chess24.com INT 2020 CBM 197 [Edouard,Romain] 1-0 (33)} {RR} 24. Rc5) 9... Qc7 10. Bg5 Bd7 11. Nf3 Nc6 12. Bb3 Ng4 13. Rd1 Nge5 14. Bh4 Nxf3+ 15. Qxf3 Na5 16. Bg3 Bxg3 17. hxg3 Nxb3 18. axb3 O-O 19. Qf4 Qxf4 20. gxf4 Bc6 21. f3 f5 22. e5 Rad8 23. Ke2 Rxd1 24. Rxd1 Kf7 25. Ke3 Ke7 26. Ne2 Bd5 27. Nd4 g6 28. Rh1 Rf7 29. b4 Kd8 30. b5 Kc7 31. Rc1+ Kb6 32. bxa6 bxa6 33. Rc8 a5 34. Kd3 Rg7 35. Rd8 Kc5 36. Rb8 Rb7 37. Nxe6+ Kb4 38. Rxb7+ Bxb7 39. Kd4 Bc6 40. Nc5 h5 41. b3 h4 42. e6 Ba8 43. Nd3+ Kxb3 44. Ne5 1-0

[Event "23rd ch-EUR Indiv 2023"]
[Site "Vrnjacka Banja SRB"]
[Date "2023.03.08"]
[Round "6.14"]
[White "Ponomariov, R."]
[Black "Parligras, M."]
[Result "1-0"]
[WhiteElo "2655"]
[BlackElo "2554"]
[PlyCount "131"]
[EventDate "2023.03.03"]

1. Nf3 d5 2. g3 Bg4 3. Bg2 e6 4. h3 Bh5 5. c4 c6 6. O-O Nf6 7. d4 Nbd7 8. Nc3 Bd6 9. Qb3 Rb8 10. Nd2 O-O 11. e4 dxe4 $146 ({RR} 11... c5 12. cxd5 cxd4 13. Nb5 Nc5 14. Qc4 exd5 15. exd5 d3 16. g4 Bg6 17. f4 Be7 18. f5 a6 19. Nc3 b5 20. Qd4 Re8 21. fxg6 hxg6 22. b4 Rc8 23. Nf3 Nb7 24. a3 {1-0 (24) Svane,R (2613)-Supatashvili,K (2456) Chess.com INT 2020}) 12. Ndxe4 Bc7 13. Be3 Bb6 14. Rfe1 Nxe4 15. Nxe4 Nf6 16. Nc5 Qe7 17. Qc3 Rfd8 18. b4 Bc7 19. a4 a6 20. Rab1 Bd6 21. b5 axb5 22. axb5 Bg6 23. Rb3 Rbc8 24. bxc6 bxc6 25. Nb7 Rd7 26. Nxd6 Qxd6 27. Qb4 Qxb4 28. Rxb4 Be4 29. f3 Bg6 30. Ra1 Kf8 31. Kf2 Ke8 32. Ra5 Bd3 33. g4 h6 34. Ra3 Bg6 35. Bf1 Ng8 36. Be2 Ne7 37. Ra5 Rdd8 38. h4 f6 39. h5 Bh7 40. Rb7 Rb8 41. Rxb8 Rxb8 42. Bc1 Rd8 43. Ke3 g5 44. Ba3 f5 45. Bc5 Nc8 46. Ra6 Ne7 47. Kd2 Rd7 48. Kc3 fxg4 49. fxg4 Be4 50. Kd2 Rb7 51. Ke3 Bg2 52. Bd3 Rb3 53. Kd2 Rb2+ 54. Kc3 Rb7 55. Bg6+ Kd7 56. Ra8 Nc8 57. Bf8 Nd6 58. Bxh6 Ne4+ 59. Bxe4 Bxe4 60. Bxg5 Rb1 61. Ra7+ Kc8 62. h6 Rh1 63. Rg7 c5 64. dxc5 e5 65. Re7 Rh3+ 66. Kb4 1-0

[Event "23rd ch-EUR Indiv 2023"]
[Site "Vrnjacka Banja SRB"]
[Date "2023.03.10"]
[Round "8.14"]
[White "Cheparinov, I."]
[Black "Parligras, M."]
[Result "1-0"]
[WhiteElo "2661"]
[BlackElo "2554"]
[PlyCount "115"]
[EventDate "2023.03.03"]

1. Nf3 d5 2. g3 Bg4 3. Bg2 e6 4. h3 Bh5 5. O-O Nf6 6. d3 Be7 7. c4 ({RR} 7. Nbd2 O-O 8. g4 Bg6 9. Ne5 Nbd7 {½-½ (9) Rajesh,C (2244)-Rozman,L (2353) New York USA 2025}) 7... c6 8. Qb3 Qc8 9. g4 $146 ({RR} 9. Nc3 O-O 10. Bf4 Rd8 11. Rac1 Nbd7 12. cxd5 Nc5 13. Qa3 Bf8 14. d6 Bxf3 15. Bxf3 Ncd7 16. d4 Nb6 17. e4 Nc4 18. Qb3 Nxd6 19. Bxd6 Rxd6 20. e5 Rxd4 21. exf6 gxf6 22. Rfd1 Rxd1+ 23. Rxd1 f5 {Ibarra Jerez,J (2570)-Bluebaum,M (2647) Chess.com INT 2022 1-0 (40)}) 9... Bg6 10. cxd5 cxd5 11. Bf4 Nc6 12. Nc3 O-O 13. Rac1 Qd7 14. e4 dxe4 15. dxe4 Nxe4 16. Rfd1 Qc8 17. Nxe4 Bxe4 18. Ne5 Bxg2 19. Kxg2 Rd8 20. Rxd8+ Bxd8 21. Qf3 Bf6 22. Nxc6 bxc6 23. b4 Bd4 24. Qxc6 Qxc6+ 25. Rxc6 Kf8 26. Bd6+ Kg8 27. a4 h5 28. b5 hxg4 29. hxg4 Bb6 30. Bb4 Rb8 31. f4 f5 32. Rxe6 fxg4 33. Kg3 Rd8 34. a5 Bg1 35. Kxg4 Rb8 36. Re5 Rc8 37. Bd2 Rc2 38. Be3 Bxe3 39. Rxe3 Rb2 40. Re8+ Kh7 41. Rb8 Ra2 42. a6 Kg6 43. f5+ Kf6 44. Rf8+ Ke5 45. Rf7 Rg2+ 46. Kh5 Kf4 47. Rxa7 Rg5+ 48. Kh4 Rxf5 49. Rxg7 Rxb5 50. Rg4+ Ke3 51. Ra4 Rb8 52. a7 Ra8 53. Kg5 Kd3 54. Kf5 Kc3 55. Ke6 Kb3 56. Ra1 Kb4 57. Kd6 Kb5 58. Kc7 1-0

[Event "23rd ch-EUR Indiv 2023"]
[Site "Vrnjacka Banja SRB"]
[Date "2023.03.10"]
[Round "8.21"]
[White "Warmerdam, Max"]
[Black "Petkov, Momchil"]
[Result "1-0"]
[WhiteElo "2614"]
[BlackElo "2526"]
[PlyCount "87"]
[EventDate "2023.03.03"]

1. Nf3 d5 2. g3 c5 3. Bg2 Nf6 4. O-O e6 5. c4 d4 6. e3 Nc6 7. d3 h6 8. Na3 e5 9. exd4 exd4 10. Bf4 Bd6 11. Re1+ Be6 12. Ne5 O-O 13. Bxc6 bxc6 14. Nxc6 Qc7 15. Bxd6 Qxd6 16. Ne5 $146 ({RR} 16. Qf3 a6 17. Ne5 Rfe8 18. Qc6 Qb8 19. Qxc5 Qxb2 20. Reb1 Qe2 21. Re1 Qb2 22. Reb1 Qe2 23. Qxd4 Rad8 24. Qb2 Qh5 25. Re1 Ng4 26. Nxg4 Bxg4 27. Nc2 Bf3 28. Rxe8+ Rxe8 29. Re1 Rd8 30. Re3 Bc6 {Gorovets,A (2463)-Matlakov,M (2674) Sochi RUS 2023 1-0 (50)}) 16... Rfe8 17. Qf3 Nd7 18. Nxd7 Qxd7 19. h4 Bg4 20. Qd5 Qxd5 21. cxd5 Rxe1+ 22. Rxe1 Rd8 23. Nc4 Rxd5 24. Re8+ Kh7 25. Kf1 Bf5 26. Ke2 Rd7 27. Re5 Bg4+ 28. f3 f6 29. Rxc5 Re7+ 30. Kf2 Be6 31. b3 g6 32. g4 h5 33. gxh5 Bf5 34. hxg6+ Bxg6 35. Rd5 Bxd3 36. Rxd4 Re2+ 37. Kg3 Bb1 38. a4 Kg6 39. b4 Bf5 40. Nd6 Bc2 41. b5 Re3 42. Nc8 Ra3 43. Nxa7 Bxa4 44. b6 1-0

[Event "Chessable Masters Play-In"]
[Site "chess.com INT"]
[Date "2023.03.13"]
[Round "4"]
[White "Yu Yangyi"]
[Black "Vallejo Pons, F."]
[Result "1-0"]
[WhiteElo "2729"]
[BlackElo "2710"]
[PlyCount "47"]
[EventDate "2023.03.13"]

1. Nf3 {Mekhitarian,Krikor Sevag} e6 2. g3 b5 3. d3 ({RR} 3. e4 Bb7 4. Qe2 c5 5. Bg2 a6 6. O-O Nf6 7. e5 Nd5 8. b3 Nc6 9. Bb2 Be7 10. Nc3 ({RR} 10. c4 bxc4 11. bxc4 Nb6 12. Nc3 O-O 13. Rab1 d5 14. exd6 Qxd6 15. Ne4 Qc7 16. Rfe1 Rad8) 10... Nxc3 11. dxc3 O-O 12. Rad1 Qc7 13. c4 Rad8 14. h4 ({RR} 14. cxb5 axb5 15. Qxb5 Ra8) 14... f6 15. exf6 Bxf6 16. Bxf6 gxf6 ({RR} 16... Rxf6) 17. cxb5 ({RR} 17. c3 bxc4 ({RR} 17... b4 18. Qe3 Ne7 19. cxb4 cxb4 20. Rfe1) 18. Qxc4) 17... axb5 {Kramnik,V (2812)-Carlsen,M (2855) Leuven 2016 CBM 173 [Mekhitarian,Krikor Sevag] 0-1 (54)}) ({RR} 3. e4 Bb7 4. Qe2 c5 5. Bg2 a6 6. O-O d6 7. a4 Nf6 8. e5 dxe5 9. axb5 e4 10. Ng5 Qd5 11. h4 axb5 12. Rxa8 Bxa8 13. Qxb5+ Nbd7 14. Nc3 Qd4 15. Qa6 Bd5 16. Qc8+ Ke7 17. Re1 h6 {England,M (2020)-Abrahams,D (2166) Toronto CAN 2024 1-0}) ({RR} 3. e3 c6 4. Bg2 d5 5. O-O Nf6 6. d4 Nbd7 7. Qe2 a5 8. Nbd2 Ba6 9. Rd1 b4 10. Qe1 Be7 11. e4 O-O 12. h4 h6 13. e5 Nh7 14. Nf1 c5 15. dxc5 Bxc5 16. Bf4 Qb6 17. Ne3 Rfc8 {Lenderman,A (2572)-Vallejo Pons,F (2710) chess.com INT 2023 0-1 (46)}) 3... Bb7 4. e4 d6 $146 ({RR} 4... c5 5. Bg2 Nc6 6. O-O g6 7. d4 cxd4 8. Nxd4 a6 9. Nb3 h5 10. h4 Nh6 11. Bf4 d6 12. a4 bxa4 13. Rxa4 Ng4 14. Na3 Be7 15. Nc4 Nce5 16. Bxe5 Nxe5 17. Nxe5 dxe5 18. Qxd8+ Rxd8 19. Rfa1 {Appel,R (2481)-Vogler,T (2373) Germany 2000 1-0 (41)}) 5. c3 Nd7 6. a4 a6 7. Na3 b4 8. Nc4 a5 9. Bg2 Ngf6 10. O-O Be7 11. Nd4 O-O 12. Nb3 c5 13. e5 Bxg2 14. exf6 Bxf1 15. fxe7 Qxe7 16. Qxf1 d5 17. Ncxa5 bxc3 18. bxc3 Qd8 19. c4 Rxa5 20. Nxa5 Qxa5 21. cxd5 exd5 22. Bf4 h6 23. Qh3 Qc3 24. Rc1 1-0

[Event "Chessable Masters Play-In"]
[Site "chess.com INT"]
[Date "2023.03.13"]
[Round "4"]
[White "Bachmann, Ax"]
[Black "Sasikiran, K."]
[Result "1-0"]
[WhiteElo "2604"]
[BlackElo "2604"]
[PlyCount "99"]
[EventDate "2023.03.13"]

1. Nf3 d5 2. e3 g6 3. c4 c6 4. Nc3 Nf6 5. cxd5 cxd5 6. Bb5+ Nc6 7. Ne5 Bd7 8. Bxc6 Bxc6 9. Nxc6 bxc6 10. d4 e6 11. Na4 $146 ({RR} 11. O-O Bd6 12. Bd2 Qb8 13. Qf3 Nd7 14. e4 Bxh2+ 15. Kh1 Bd6 16. Bh6 Bf8 17. Bf4 Bd6 18. Bh6 Bf8 19. Bf4 Bd6 {½-½ (19) Agrest,E (2554)-Johansson,G (2212) Stockholm 1999}) 11... Bd6 12. Bd2 O-O 13. Rc1 Rc8 14. O-O h5 15. h3 Ne4 16. Qe2 Bb8 17. Be1 Qd6 18. f4 Qe7 19. Nc5 Nxc5 20. Rxc5 Bd6 21. Rc2 c5 22. Bc3 c4 23. e4 dxe4 24. Qxe4 Rfd8 25. Kh1 Bb4 26. g4 Bxc3 27. bxc3 Qh4 28. Rg1 hxg4 29. Rh2 g3 30. Qe1 Qxf4 31. Rxg3 Rc6 32. Rhg2 Rb8 33. Rg4 Qd6 34. Qe4 Kf8 35. Rxg6 Ke7 36. Rg7 Rf8 37. Qh4+ Kd7 38. Qf6 Qe7 39. Qf3 Rb6 40. Rf2 Rb1+ 41. Kg2 Kc8 42. Qa8+ Rb8 43. Qc6+ Kd8 44. d5 Rc8 45. Qb5 Rc5 46. Qb8+ Rc8 47. Qe5 Rc5 48. Rb2 Qc7 49. Rb8+ Ke7 50. d6+ 1-0

[Event "Chessable Masters Play-In"]
[Site "chess.com INT"]
[Date "2023.03.13"]
[Round "6"]
[White "Lenderman, A."]
[Black "Mekhitarian, K."]
[Result "1-0"]
[WhiteElo "2572"]
[BlackElo "2537"]
[PlyCount "117"]
[EventDate "2023.03.13"]

1. Nf3 d5 2. e3 Nf6 3. c4 e6 4. b3 Bd6 5. Bb2 b6 6. Nc3 a6 7. g3 Bb7 8. Bg2 Nbd7 9. O-O O-O 10. Rc1 Re8 11. cxd5 exd5 12. Ne2 c6 $146 ({RR} 12... Nc5 13. Qc2 a5 14. Rfd1 Ne6 15. Ned4 Nxd4 16. Nxd4 c5 17. Nf5 Bf8 18. d4 g6 19. Nh4 Rc8 20. dxc5 Rxc5 21. Qd3 Qe7 22. Rxc5 bxc5 23. Bxf6 Qxf6 24. Bxd5 Bxd5 25. Qxd5 Be7 26. Qc4 Qb2 27. a4 {Lenderman,A (2572)-Grigoriants,S (2572) chess.com INT 2023 1-0 (49)}) ({RR} 12... Rc8 13. Nf4 Bf8 14. d4 Ne4 15. Rc2 Qf6 16. Ne5 Nxe5 17. dxe5 Qf5 18. Bh3 Qg5 19. Bxc8 Rxc8 20. Nxd5 h5 21. f3 Bxd5 22. Qxd5 Qxe3+ 23. Kg2 Ng5 24. Bc1 {1-0 (24) Karthik,R (2346)-Fuentes,A (2088) chess.com INT 2025}) 13. Ned4 Rc8 14. Qc2 a5 15. Rfd1 Ne5 16. Nxe5 Bxe5 17. Nf3 Bxb2 18. Qxb2 Qd6 19. d4 Re7 20. Rc2 Rec7 21. Rdc1 Ne4 22. Nd2 Nxd2 23. Rxd2 Ba6 24. Rdc2 g6 25. Rc3 f5 26. Qd2 Kg7 27. Bf3 Re8 28. Kg2 Rec8 29. h3 Rf8 30. R1c2 Rf6 31. Qc1 Rc8 32. Bd1 Rc7 33. f4 Bb7 34. Bf3 Re7 35. Kf2 Rfe6 36. Qd2 b5 37. Rc1 b4 38. Rc5 Rxe3 39. Rxa5 g5 40. Qxe3 Rxe3 41. Kxe3 gxf4+ 42. gxf4 Qe7+ 43. Kd3 Qd8 44. Ra4 Qb6 45. Ke3 Ba6 46. Rc5 Bb5 47. Ra8 Qb7 48. Re8 Qa7 49. Rc2 c5 50. Rc8 Qe7+ 51. Kf2 Qh4+ 52. Kg2 Qe1 53. R8xc5 Qf1+ 54. Kg3 Qe1+ 55. Kh2 Bd3 56. Rg2+ Kf6 57. Rc6+ Ke7 58. Rc7+ Kd6 59. Rxh7 1-0

[Event "Chessable Masters Play-In"]
[Site "chess.com INT"]
[Date "2023.03.13"]
[Round "6"]
[White "Pantsulaia, L."]
[Black "Van Foreest, Jorden"]
[Result "1-0"]
[WhiteElo "2597"]
[BlackElo "2684"]
[PlyCount "81"]
[EventDate "2023.03.13"]

1. Nf3 g6 2. c4 Bg7 3. Nc3 Nf6 4. g3 O-O 5. Bg2 d6 6. O-O e5 7. d3 Nc6 8. a3 Re8 9. Bg5 h6 10. Bxf6 Bxf6 11. Nd2 a5 12. c5 dxc5 13. Bxc6 bxc6 14. Qa4 h5 $146 ({RR} 14... Ra6 15. Nce4 Be7 16. Rfc1 Bh3 17. Rab1 Kg7 18. Nxc5 Rb6 19. Qe4 Bg5 20. Rc2 f5 21. Qc4 Bxd2 22. Rxd2 Qd5 23. f3 f4 24. Rc1 Qd8 25. Qc3 Kh7 26. Kf2 Qe7 27. Qxa5 Rf8 28. Ne4 g5 29. Qc5 {Pantsulaia,L (2598)-Manik,M (2378) New Delhi 2020 1-0 (31)}) 15. Rfc1 h4 16. Nce4 hxg3 17. Qxc6 gxf2+ 18. Kh1 Bh4 19. Qxa8 f5 20. Nxc5 e4 21. Qc6 Kh7 22. Nf1 exd3 23. Nxd3 Qg5 24. Ng3 Bxg3 25. hxg3 Rxe2 26. Kg2 f1=Q+ 27. Kxf1 Re4 28. Qxc7+ Kh6 29. Qxc8 Qxg3 30. Qh8+ Kg5 31. Qd8+ Kh6 32. Nf2 Rf4 33. Rc2 Qh3+ 34. Ke1 Qg3 35. Qh8+ Kg5 36. Qh1 Rh4 37. Qf1 f4 38. Rd1 f3 39. Rd3 Kh6 40. Kd1 Rh2 41. Ng4+ 1-0

[Event "Chessable Masters Play-In"]
[Site "chess.com INT"]
[Date "2023.03.13"]
[Round "6"]
[White "Agrest, E."]
[Black "Sasikiran, K."]
[Result "1-0"]
[WhiteElo "2559"]
[BlackElo "2604"]
[PlyCount "89"]
[EventDate "2023.03.13"]

1. Nf3 d5 2. e3 Nf6 3. c4 c6 4. Qc2 g6 5. b3 Bg7 6. Bb2 O-O 7. Be2 Bf5 8. d3 Nbd7 9. O-O Bg4 10. Nbd2 Re8 ({RR} 10... e5 11. h3 Bxf3 12. Bxf3 h5 13. g3 Nh7 14. Bg2 Rc8 15. Qd1 Nc5 16. Ba3 b6 17. Qe2 Re8 18. Bxc5 bxc5 19. Rac1 Qd7 20. Nb1 e4 21. Rfd1 Qe6 22. dxe4 dxe4 23. Nc3 f5 24. Na4 Qe7 25. h4 {Ozates,T (2225)-Yurasova,D (2064) chess.com INT 2025 1-0 (53)}) 11. h3 Bxf3 12. Bxf3 $146 ({RR} 12. Nxf3 e6 13. Rfd1 Qe7 14. Rac1 Red8 15. Bc3 Ne8 16. Be1 a5 17. Rb1 Rdc8 18. d4 Nd6 19. b4 b5 20. c5 Nc4 21. Bxc4 bxc4 22. b5 cxb5 23. Rxb5 Qd8 24. Qa4 e5 25. Rdb1 exd4 26. exd4 Nf8 {Santos Latasa,J (2631)-Banusz,T (2605) chess.com INT 2024 0-1 (71)}) 12... e6 13. Rad1 a5 14. e4 dxe4 15. dxe4 Qc7 16. Rfe1 e5 17. c5 Bf8 18. Ba3 Re6 19. Bg4 Nxg4 20. hxg4 h6 21. Nf3 Kg7 22. Re3 Nf6 23. g5 hxg5 24. Nxg5 Ree8 25. Red3 Rad8 26. Qc3 Rxd3 27. Rxd3 Rd8 28. g3 Rxd3 29. Qxd3 Qd7 30. Qc3 Ng4 31. Kg2 f6 32. Nf3 b6 33. cxb6 Bxa3 34. Qxa5 Bd6 35. Qa7 Qe7 36. b7 Kf7 37. b8=Q Bxb8 38. Qxb8 Kg7 39. Qc8 f5 40. exf5 e4 41. Nd4 e3 42. Qxc6 Ne5 43. f6+ Qxf6 44. Qxf6+ Kxf6 45. fxe3 1-0

[Event "Chessable Masters Play-In"]
[Site "chess.com INT"]
[Date "2023.03.13"]
[Round "9"]
[White "Yu Yangyi"]
[Black "Bluebaum, M."]
[Result "1-0"]
[WhiteElo "2729"]
[BlackElo "2661"]
[PlyCount "87"]
[EventDate "2023.03.13"]

1. Nf3 d5 2. g3 Nf6 3. Bg2 e6 4. O-O Bd6 5. c4 O-O 6. b3 Nc6 7. Bb2 d4 8. e3 ({RR} 8. Nxd4 Nxd4 9. Bxd4 Bxg3 10. hxg3 Qxd4 11. Nc3 c6 12. e3 Qd3 13. Qe2 Qg6 14. d4 e5 15. dxe5 Ng4 16. f4 f6 17. Be4 Bf5 18. Bxf5 Qxf5 19. e4 Qh5 20. e6 Qc5+ 21. Kh1 Qh5+ 22. Kg2 f5 {Carlsen,M (2853)-Bluebaum,M (2669) chess.com INT 2023 ½-½ (35)}) ({RR} 8. Nxd4 Nxd4 9. Bxd4 Bxg3 10. hxg3 Qxd4 11. Na3 Rd8 12. Nb5 Qd7 13. d3 c6 14. Nc3 e5 15. Qd2 Qf5 16. Qe3 Qh5 17. Bf3 Bg4 18. Rfe1 Rd4 19. Bg2 Rad8 20. f3 Bc8 21. Kf2 Qf5 22. Kg1 h5 {Kazakouski,V (2538)-Bluebaum,M (2643) chess.com INT 2025 0-1 (58)}) 8... e5 9. exd4 exd4 ({RR} 9... Nxd4 10. Nxd4 exd4 11. Bxd4 Bxg3 12. Bxf6 Qxf6 13. Nc3 Be5 14. Qf3 c6 15. Qxf6 Bxf6 16. Rac1 Rd8 17. Ne4 Bd4 18. c5 Be6 19. Rc2 Rd7 20. b4 Bf5 21. d3 Be5 22. Rd1 Rad8 23. Nd6 Bxd6 24. cxd6 {Zemerov,V (2268)-Baches Garcia,G (2318) chess.com INT 2025 0-1 (32)}) 10. d3 Bc5 $146 ({RR} 10... a5 11. Nxd4 Nxd4 12. Bxd4 Bxg3 13. hxg3 Qxd4 14. Na3 c6 15. Nc2 Qd6 16. d4 Bg4 17. Qd3 a4 18. c5 Qd7 19. Ne3 Be6 20. b4 Rfd8 21. Rfd1 a3 22. Rd2 Nd5 23. Nxd5 Bxd5 24. Bxd5 Qxd5 25. Rc1 {Duncan,C (2167)-Baches Garcia,G (2322) chess.com INT 2024 0-1 (45)}) 11. Re1 Re8 12. Rxe8+ Qxe8 13. Na3 Bg4 14. h3 Bf5 15. Nc2 Qd7 16. g4 Bg6 17. a3 a5 18. Nh4 Qd6 19. Qd2 Re8 20. Nxg6 hxg6 21. Re1 Rxe1+ 22. Qxe1 g5 23. Bc1 Ne5 24. Qe2 Ng6 25. Bxg5 Bxa3 26. Bxb7 Bc5 27. Ne1 Nh7 28. Bc1 Nf6 29. g5 Nd7 30. Qe8+ Ngf8 31. Nf3 c6 32. Bd2 Qc7 33. Bc8 Nb6 34. Bg4 Bb4 35. Bxb4 axb4 36. Nxd4 Qf4 37. Nxc6 Qxg5 38. Ne7+ Kh7 39. Qxf8 Qc1+ 40. Kg2 Nd7 41. Qg8+ Kh6 42. Qh8+ Kg5 43. Qxg7+ Kh4 44. Nf5# 1-0

[Event "Armageddon Americas Win"]
[Site "Berlin GER"]
[Date "2023.03.12"]
[Round "4.1"]
[White "So, W."]
[Black "Shankland, S."]
[Result "1-0"]
[WhiteElo "2761"]
[BlackElo "2710"]
[PlyCount "93"]
[EventDate "2023.03.06"]

1. Nf3 c5 2. b3 d6 3. c4 e5 4. Nc3 Nc6 5. g3 g6 6. Bg2 Bg7 7. O-O Nge7 8. Bb2 O-O 9. e3 h6 10. d3 Be6 11. Rc1 b6 12. a3 Rc8 $146 ({RR} 12... d5 13. cxd5 Nxd5 14. Nxd5 Bxd5 15. b4 e4 16. dxe4 Bxb2 17. Qxd5 Bxc1 18. Rxc1 Ne7 19. Qe5 cxb4 20. axb4 Rc8 21. Ra1 Nc6 22. Qf4 g5 23. Qf5 Nxb4 24. Nd4 Rc5 25. e5 Qe7 26. Be4 f6 27. Qg6+ {Anton Guijarro,D (2669)-Bok,B (2621) chess.com INT 2023 0-1 (58)}) 13. Qd2 Qd7 14. Ne2 d5 15. cxd5 Nxd5 16. e4 Nc7 17. b4 cxb4 18. axb4 Nb5 19. Rxc6 Qxc6 20. Bxe5 Qc2 21. Qe3 Bxe5 22. Nxe5 Qb2 23. d4 Rc2 24. Nd3 Qa3 25. d5 Bd7 26. h4 h5 27. Nef4 Re8 28. Nxh5 gxh5 29. Qg5+ Kf8 30. Ne5 Rxe5 31. Qxe5 Qxb4 32. Qh8+ Ke7 33. e5 Be8 34. d6+ Kd8 35. Bh3 Nxd6 36. Qf6+ Kc7 37. Qe7+ Kb8 38. exd6 Bb5 39. Ra1 a5 40. Qf8+ Ka7 41. Qxf7+ Ka6 42. Bg2 Bc6 43. d7 Qd4 44. Bf1+ b5 45. Rb1 Bxd7 46. Qg6+ Ka7 47. Qxc2 1-0

[Event "Titled Tue 7th Mar Early"]
[Site "chess.com INT"]
[Date "2023.03.07"]
[Round "4"]
[White "Nakamura, Hi"]
[Black "Mitrabha, G."]
[Result "1-0"]
[WhiteElo "2768"]
[BlackElo "2510"]
[PlyCount "51"]
[EventDate "2023.03.07"]

1. Nf3 Nf6 2. g3 c5 3. d3 Nc6 4. e4 d6 5. Bg2 g6 6. O-O Bg7 7. Nbd2 O-O 8. Re1 e5 9. a4 h6 10. Nc4 Be6 11. c3 ({RR} 11. b3 a6 12. Be3 Qc7 13. Qd2 Ng4 14. h3 Nxe3 15. Nxe3 Ne7 16. Nh4 Kh7 17. Kh2 b5 18. Bf1 Bd7 19. a5 f5 20. exf5 gxf5 21. Bg2 Rab8 22. Nd5 Nxd5 23. Bxd5 {½-½ (23) Tomcikova,Z (1858)-Bourban,K (1754) Ceske Budejovice CZE 2024}) 11... b6 $146 ({RR} 11... Rc8 12. Qe2 Qc7 13. h3 a6 14. Kh2 b5 15. axb5 axb5 16. Ne3 b4 17. Nd2 bxc3 18. bxc3 Ra8 19. Rxa8 Rxa8 20. Ndc4 Nd7 21. Nd5 Bxd5 22. exd5 Na5 23. f4 Nxc4 24. dxc4 exf4 25. gxf4 Bxc3 26. f5 {Todorovic,B (2222)-Eggleston,T (2203) Chess.com INT 2022 0-1 (38)}) ({RR} 11... Qc7 12. Nfd2 Rad8 13. Ne3 Rfe8 14. Nd5 Bxd5 15. exd5 Ne7 16. Qb3 Nd7 17. a5 f5 18. Nc4 Kh7 19. a6 b6 20. Na3 Nf6 21. Nb5 Qb8 22. f4 e4 23. c4 Neg8 24. Bd2 Re7 25. Re2 Rde8 26. Rae1 {Chigaev,M (2644)-Ibarra Jerez,J (2538) chess24.com INT 2019 1-0 (52)}) 12. Ne3 d5 13. exd5 Nxd5 14. Nc4 Qc7 15. a5 b5 16. Ne3 a6 17. Ng5 hxg5 18. Nxd5 Bxd5 19. Bxd5 Rad8 20. Ba2 c4 21. Bxg5 Rxd3 22. Qg4 f5 23. Qe2 e4 24. Bb1 Ne5 25. Bf4 Nf3+ 26. Qxf3 1-0

[Event "Titled Tue 7th Mar Early"]
[Site "chess.com INT"]
[Date "2023.03.07"]
[Round "7"]
[White "Nakamura, Hi"]
[Black "Oparin, G."]
[Result "1-0"]
[WhiteElo "2768"]
[BlackElo "2667"]
[PlyCount "91"]
[EventDate "2023.03.07"]

1. Nf3 c5 2. e3 Nf6 3. b3 e6 4. Bb2 b6 5. d4 Bb7 6. Bd3 Be7 7. O-O O-O 8. dxc5 bxc5 9. c4 Nc6 ({RR} 9... Ne4 10. Qc2 f5 11. Nbd2 Nxd2 12. Nxd2 Nc6 13. Be2 Qc7 14. Rad1 Rad8 15. Bf3 f4 16. a3 fxe3 17. fxe3 Bd6 18. h3 Be5 19. Be4 Bxb2 20. Qxb2 d5 21. Bb1 Qe5 22. Qxe5 Nxe5 23. Rxf8+ Kxf8 24. cxd5 {Nakamura,H (2778)-Godzwon,I (2415) chess.com INT 2023 1-0 (55)}) 10. Nc3 d6 11. Qe2 Qc7 $146 ({RR} 11... Nb4 12. Bb1 Qb6 13. Na4 Qc7 14. a3 Nc6 15. Bc2 Rab8 16. Nc3 a6 17. Rfd1 Ba8 18. Rab1 Rfd8 19. Ba1 h6 20. h3 Nd7 21. Qd3 f5 22. Qe2 Nce5 23. Ne1 Bf6 24. Rd2 Nf7 25. Rbd1 Qa5 26. Na4 {Nakamura,H (2760)-Barria Zuniga,D (2341) Chess.com INT 2022 1-0 (33)}) 12. Rad1 Rad8 13. Bb1 a6 14. Rd2 Rd7 15. Rfd1 Rfd8 16. Ne4 Nxe4 17. Bxe4 h6 18. Bc3 Bf8 19. h4 Ne7 20. Bb1 Bc6 21. h5 Qb7 22. Nh4 Be4 23. Qg4 Bxb1 24. Rxb1 d5 25. Rc1 dxc4 26. Rxd7 Rxd7 27. bxc4 Qc6 28. Nf3 Qa4 29. Ne5 Rd8 30. Qe2 Nc6 31. Ng4 f5 32. Nh2 Qa3 33. Qc2 Nb4 34. Bxb4 Qxb4 35. Nf3 Be7 36. Rb1 Qa5 37. e4 fxe4 38. Qxe4 Qxa2 39. Ne5 Bf6 40. Ng6 Re8 41. Rb6 Qa1+ 42. Kh2 Qd4 43. Qxd4 cxd4 44. Rxa6 Rc8 45. f4 Rxc4 46. Ra8+ 1-0